Angličtina cvičenia na audiovizuálny kurz

Bibliographic Details
Main Author: Adamcová, Eva (Author)
Format: Book
Language:Slovak
PhysicalDescription:108 s. 29 cm
Published: Bratislava Slovenská vysoká škola technická 1976
Edition:1. vyd.
Subjects:

MARC

LEADER 00000cam a2200000 a 4500
001 vtls001145700
003 SK-MaSNL
005 20260425221905.0
008 240313s1976 xo e 00000 slo
015 |a SNBA1976 
035 |a SNK000088556 
040 |a SNK  |b slo  |c SNK  |e AACR2 
041 0 |a slo 
044 |a xo  |c SK 
080 |a 802.0(075.8)(076.5)  |2 1981 
100 1 |a Adamcová, Eva  |4 aut  |9 220475 
245 1 0 |a Angličtina  |b cvičenia na audiovizuálny kurz  |c Eva Adamcová 
250 |a 1. vyd. 
260 |a Bratislava  |b Slovenská vysoká škola technická  |c 1976 
300 |a 108 s.  |c 29 cm 
366 |e 100 výt. 
650 0 7 |a angličtina  |2 SNKPH  |9 1260 
650 0 7 |a audiovizuálne kurzy  |2 SNKPH  |9 281426 
655 7 |a učebnice vysokých škôl  |2 SNKPH  |9 70191 
655 7 |a praktické cvičenia  |2 SNKPH  |9 70517 
958 |a OND 
958 |a RM 
958 |a UV 
999 |c 536638  |d 538568 
952 |a SNK  |b SNK  |y PREZ  |7 0  |p 17A0932688  |o snkSB 23446  |i snkKSP 2724/76  |0 0  |1 0  |4 0  |d 2014-06-13  |f 1  |l 0  |r 2025-03-26 00:00:00  |w 2026-02-23